|
|
|
|
| LEADER |
00000nab a2200000 a 4500 |
| 001 |
vtls000869465 |
| 003 |
SK-MaSNL |
| 005 |
20260304113427.0 |
| 008 |
250429c2003 xo 0 slo |
| 015 |
|
|
|a SNBRB2004/04-11893
|
| 035 |
|
|
|a CLN000221017
|
| 035 |
|
|
|a urn:nbn:sk:snk-abbxcw
|
| 035 |
|
|
|a (urnnbn)urn:nbn:sk:snk:ar-0017bg
|
| 035 |
|
|
|a (uuid)63293e37-a846-41e0-a0b7-5437880bb297
|
| 040 |
|
|
|a SNKBUCL
|b slo
|c SNKBUCL
|e AACR2
|
| 041 |
0 |
|
|a slo
|
| 044 |
|
|
|a xo
|c SK
|
| 080 |
|
|
|a 621.317.785:061.5
|2 1997
|
| 100 |
1 |
|
|a Babarík, Pavol
|4 aut
|9 594227
|
| 245 |
1 |
0 |
|a Meranie elektrickej energie elektromermi Landis+Gyr
|c Pavol Babarík, Adrián Bobula
|
| 300 |
|
|
|b Fotogr.
|
| 610 |
2 |
7 |
|a Landis + Gyr
|2 snkbucl
|9 1405563
|
| 650 |
0 |
7 |
|a elektromery
|2 snkbucl
|9 20245
|
| 655 |
|
7 |
|a články z novín a časopisov
|2 snkbucl
|9 267496
|
| 700 |
1 |
|
|a Bobula, Adrián
|4 aut
|9 1158239
|
| 773 |
0 |
|
|t AT&P journal
|g Roč. 10, č. 12 (2003), s. 6-7
|x 1335-2237
|
| 850 |
|
|
|a Slovenská národná knižnica
|
| 852 |
|
|
|a Slovenská národná knižnica
|
| 954 |
|
|
|a odborná, vedecká literatúra pôvodná (slovenská)
|2 lita
|
| 958 |
|
|
|a article15
|
| 958 |
|
|
|a OND
|
| 958 |
|
|
|a EUIPO
|
| 992 |
|
|
|a RBX
|
| 999 |
|
|
|c 2869332
|d 2871262
|